Súťažil polminútový reklamný spot i deväťdesiatminútový film z Taiwanu medzinárodný festival lokálnych televízií Zlatý žobrák vstúpil do 11.ročníka

Bibliographic Details
Main Author: Kiraľvargová, Dáša (Author)
Format: Article
Language:Slovak
PhysicalDescription:Obr.
Subjects:

MARC

LEADER 00000nab a2200000 a 4500
001 vtls008159910
003 SK-MaSNL
005 20260303074526.0
008 050613 2005 xo r r 000 0 slo
015 |a KEVKJB2005 
040 |a KEVKJB  |b slo  |c KEVKJB  |e AACR2 
041 0 |a slo 
044 |a xo  |c SK 
080 |a 7.097  |2 UDC-MRF-SK2 
080 |a 061.7  |2 UDC-MRF-SK2 
100 1 |a Kiraľvargová, Dáša  |4 aut  |9 872583 
245 1 0 |a Súťažil polminútový reklamný spot i deväťdesiatminútový film z Taiwanu  |b medzinárodný festival lokálnych televízií Zlatý žobrák vstúpil do 11.ročníka  |c Dáša Kiraľvargová 
300 |b Obr. 
611 2 7 |a Zlatý žobrák  |n 11.  |d 2005  |c Košice, Slovensko  |2 kevkjb  |9 1077762 
650 0 7 |a medzinárodné festivaly  |x lokálne televízie  |2 kevkjb  |9 1042524 
650 0 7 |a lokálne televízie  |2 kevkjb  |9 1039402 
651 7 |a Košice (Slovensko)  |2 kevkjb  |9 18694 
773 0 |t Košický večer  |g Roč. 16(37), č. 23 (10.6.2005), s. 4 
852 |a KEVKJB  |b KIS3GCP 
999 |c 1771963  |d 1773893